000 00718nam a2200133Ia 4500
008 171212s9999 xx 000 0 und d
020 _a9780833038265
100 _aEnthoven, Alain C.;Smith, K. Wayne
245 _cEnthoven, Alain C.;Smith, K. Wayne
_aHow Much Is Enough?
_bShaping the Defense Program, 1961-1969
260 _bRAND Corporation
_c1971
650 _aManagement & Organizational Behavior
650 _aMilitary planning -- United States -- History -- 20th century; Military administration -- United States -- History -- 20th century; United States -- Armed Forces -- Cost control -- History -- 20th century; United States. Dept. of Defense -- History -- 20t
856 _uwww.jstor.org/stable/10.7249/cb403
999 _c352158
_d352158